History and evolution of metered postage (Record no. 2448)

000 -LEADER
fixed length control field 00451nam a22000977a 4500
008 - FIXED-LENGTH DATA ELEMENTS--GENERAL INFORMATION
fixed length control field 170710b xxu||||| |||| 00| 0 eng d
100 ## - MAIN ENTRY--AUTHOR'S NAME
Author's Name Thomas, William
245 ## - TITLE STATEMENT
Title History and evolution of metered postage
260 ## - PUBLICATION, DISTRIBUTION, ETC. (IMPRINT)
Place of publication, distribution, etc. State College, Pa.
Name of publisher, distributor, etc. American Philatelic Society, Research and Literature Committee
Date of publication, distribution, etc. 1962
650 ## - TOPICAL TERM (Tag)
Topical term or geographic name United States | Metered Mail | Postal History | Post Office Equipment | Affixing Machines | Permit and Penalty Mail | Vending Machines
Holdings
Withdrawn status Lost status Source of classification or shelving scheme Damaged status Koha normalized classification for sorting Not for loan Permanent Location Current Location Shelving location Date acquired Total Checkouts Full call number Barcode Date last seen Copy number Price effective from Koha item type
        G3701 M589 T463   Northern Philatelic Library Northern Philatelic Library General Stacks 07/10/2017   G3701 M589 T463 1003033 07/10/2017 1 07/10/2017 Books

Powered by Koha